000 01130nam a22003377a 4500
001 5108
003 FISKH
005 20241106124315.0
008 241106b cb ||||| |||| 00| 0 eng d
020 _a9780545141048
040 _aFISKH
_beng
_cFISKH
_dFISKH
050 _aPZ7.S68033
082 _a741.5
100 _aSniegoski, Tom
245 _aQuest for the Spark /
_cby Tom Sniegoski : illustrated by Jeff Smith
250 _aFirst edition , February 2012
260 _aNew York :
_bScholastic ;
_c2012.
300 _a234 pages :
_bcolor illustrations ;
_c24 cm .
490 _aQuest for the Spark
_vBook 2
505 _aU
520 _aTwelve-year-old Tom and his cohorts continue their seemingly impossible quest to find the pieces of the Spark that will save Dreaming--and the Waking World--from the evil Nacht.
521 8 _a820
_bLexile
521 8 _aU
_bRaz-Plus
650 _aadventure and adventure
_vfiction
650 _aheroes
_vfiction
650 _aDreams
_vFiction
650 _aMagic
_vFiction
700 _aSmith, Jeff
_eillustrator
942 _2ddc
_cBK
_n0
999 _c5108
_d5108